LEADER 01255nam a2200229 i 4500 001 000000120185 003 CaOOAMICUS 005 20031113000000.0 008 031113s2001 it u000 u ita u 013 $a92879 040 $aSeMil$bita 100 1 $aCorti, Renato,$c.$0(OLS)http://semarc/name/16279 245 10$aPrimo, la santità :$b«É ora di riproporre a tutti con convinzione questa misura alta della vita cristiana ordinaria» (Novo millennio ineunte, 31). Lettera pastorale 2001-2002 /$cRenato Corti vescovo di Novara. 260 $aNovara :$b[s.n.],$c2001$e(Novara :$fGrafica Tagliabue,$g2001) 300 $a82 p. ;$c21 cm. 500 $aFondo : Mons. Giuseppe Molinari. 650 4$aVescovi novaresi - Lettere pastorali.$0(OLS)http://semarc/subject/9619 850 $aSeMil 852 $aSeMil$W1$xVenegono$y1$m598 231 2001-02 *$j75386$B75386$CSeMilBibl$Z2$F76981 $81 961 $aLascito: Molinari don Giuseppe 996 $6245$aPrimo, la santità :$b«É ora di riproporre a tutti con convinzione questa misura alta della vita cristiana ordinaria» (Novo millennio ineunte, 31). Lettera pastorale 2001-2002$9(OLS)http://semarc/title/176828 996 $6260$aNovara :$b[s.n.]$9(OLS)http://semarc/publisher/30468